000 00501nam a2200181Ia 4500
001 9425
005 20260306161717.0
008 260306t1994||||xx |||||||||||||| ||spa||
041 _aESP
082 _a378.9
_bR92 V. 1
100 _aRidder-Symoens, Hilde de (ed.)
_eAUT
245 0 _aHistoria de la universidad en Europa:
_bvolumen 1: las universidades en la Edad Media
260 _c1994
300 _axxxii, 595 páginas :
_c24 cm.
650 _aGEN
654 _aCED
942 _cLIB
_dJUS
_fJUS
_2ddc
_n
999 _c9425
_d9425